| 000 | 00657cam a2200181 a 4500 | ||
|---|---|---|---|
| 001 | 000015809 | ||
| 005 | 20200929164148.0 | ||
| 008 | 750617s1970 cu 000 0 spa | ||
| 040 |
_aDO-SdBNP _bspa _cBNPHU |
||
| 082 |
_a012 _bO77b |
||
| 245 | 0 | 0 |
_aBio-bibliografía de Don Fernando Ortíz / _cCompilado por Araceli García-Carranza. |
| 260 |
_aLa Habana : _bBiblioteca Nacional José Martí _bInstituto del Libro, _c1970. |
||
| 300 |
_a250 p. ; _c23 cm. |
||
| 600 | 1 | 4 |
_aORTÍZ, FERNANDO, _d1881-1969 _vBIOBIBLIOGRAFÍA _935572 |
| 650 | 4 |
_aBiobibliografía _935573 |
|
| 700 | 1 |
_aGarcía-Carranza, Araceli, _ecomp. _935574 |
|
| 700 | 1 |
_aVázquez, Asya, _eed. _935575 |
|
| 999 |
_c15355 _d15355 |
||